000 00263nam a2200121Ia 4500
008 190216s9999||||xx |||||||||||||| ||und||
100 _aPunathil Kunhabdulla
245 0 _aKanyavanagal
260 _bPk Brothers
300 _a145
650 _aNovel
942 _cBK
999 _c26211
_d26211